| 000 | 00730nam a2200205 i 4500 | ||
|---|---|---|---|
| 001 | 69480 | ||
| 003 | ES-MaACL | ||
| 005 | 20230906170529.0 | ||
| 007 | t| | ||
| 008 | 040706s1962 sp ||||1| spa d | ||
| 100 | 1 |
_aGarcía Cordero, Maximiliano. _954383 |
|
| 245 | 1 | 3 |
_aEl libro de los siete sellos _b: (exposición exegético-teológica del Apocalipsis) / _cMaximiliano García Cordero. |
| 260 |
_aSalamanca : _b[s.n.], _c1962 ( _eSan Sebastián : _fCervantes) |
||
| 300 |
_a231 p. ; _c21 cm. |
||
| 490 | 1 |
_aAgnus. Lectio sacra ; _v1 |
|
| 630 | 0 | 4 |
_aBiblia. _pN.T. _pApocalipsis- _xCrítica e interpretación. _9144760 |
| 830 | 1 |
_aAgnus. Lectio sacra ; _v1 _9230994 |
|
| 852 |
_aES-MaACL _jC-17133 |
||
| 999 |
_c69480 _d69480 |
||